| 000 | 01147cam a2200313 i 4500 | ||
|---|---|---|---|
| 001 | 27987 | ||
| 003 | Mx-PuUPA | ||
| 005 | 20251024124559.0 | ||
| 008 | 140415s1987 nyua fr 001 0 eng d | ||
| 020 | _a3540964525 | ||
| 020 | _a3540964525 | ||
| 040 |
_cMx-PuUPA _aMx-PuUPA _bspa _dMx-PuUPA _erda |
||
| 041 | 0 | _aeng | |
| 245 | 1 | 0 |
_aBlaustein's pathology of the female genital tract / _cRobert J. Kurman, editor |
| 250 | _aThird edition | ||
| 264 | 1 |
_aNew York : _bSpringer-Verlag, _c©1987 |
|
| 300 |
_axix, 959 páginas : _bilustraciones, gráficas (blanco y negro) ; _c29 cm |
||
| 336 |
_2rdacontent _atexto _btxt |
||
| 337 |
_2rdamedia _asin medio _bn |
||
| 338 |
_2rdacarrier _avolumen _bnc |
||
| 500 | _a"Rev. ed. of: Pathology of the female genital tract / edited by Ancel Bleaustein. 2nd ed. c1982".-- hoja legal | ||
| 650 | 7 |
_2armarc _aPatología ginecológica |
|
| 650 | 7 |
_2armarc _aAparato genital femenino _xEnfermedades |
|
| 700 | 1 |
_aKurman, Robert J., _917228 _eeditor |
|
| 942 |
_2ddc _cLI _h618.107 _iC65 |
||
| 999 |
_c27987 _d27987 |
||